000 00589nam a2200193Ia 4500
003 GCL
005 20240530104518.0
008 140319s9999 xx 000 0 ara d
020 _a997316038
040 _aGCL /
_cGCL
082 0 4 _a408.2
_bم ع
100 1 _aمحمد ديداوى
245 1 0 _aعلم الترجمة بين النظرية والتطبيق /
_cمحمد ديداوى
260 _aتونس :
_bدار المعارف للطباعة والنشر ،
_c1992
300 _a531 ص ؛
_c24 سم
650 0 4 _aالمترجمات
650 0 4 _aالترجمة
942 _2ddc
_cBK
999 _c48233
_d48233